|
|
|
|
| LEADER |
00000cam a2200000 7i4500 |
| 001 |
0000002651 |
| 005 |
20030913.0 |
| 090 |
0 |
0 |
|a FAO634.96180913
|b INT 1986
|
| 245 |
0 |
0 |
|a INTRODUCTION to forest fires menagament :
|b based on the work of J. G. Goldammer
|
| 260 |
0 |
0 |
|a Rome :
|b UNDP; Food and Agriculture Organization of the United Nations ,
|c 1986
|
| 300 |
|
|
|a 159 p. :
|b ill. ;
|c 30 cm.
|
| 500 |
0 |
0 |
|a Technical and vocational forestry and forest industries training - Burma
|
| 650 |
0 |
0 |
|a Forest fires
|z Tropics
|x Congresses
|
| 700 |
0 |
1 |
|a Goldammer
|h J. G.
|
| 710 |
1 |
1 |
|a Food and Agriculture Organization of the United Nations (FAO)
|
| 710 |
1 |
1 |
|a United Nations Development Programme (UNDP)
|
| 998 |
|
|
|a JPSM
|
| 999 |
|
|
|a 0000004047
|b Monograph
|c Food and Agriculture Organization
|e Default branch
|